000 003090000a22000970004500
100 1 _aFenton, Terry L.
245 1 0 _aDeuteronomistic advocacy of the nabî : 1 Samuel 9:9 and questions of Israelite prophecy
300 _aVol. 47, Num. 1 (Enero, 1997), Páginas 43-52
773 0 _tVetus Testamentum
942 _cANA
999 _c58072
_d58072